Ethics in engineering, 4th ed. (Record no. 6687)

MARC details
000 -LEADER
fixed length control field 00713nam a22002177a 4500
003 - CONTROL NUMBER IDENTIFIER
control field OSt
005 - DATE AND TIME OF LATEST TRANSACTION
control field 20251202091121.0
008 - FIXED-LENGTH DATA ELEMENTS--GENERAL INFORMATION
fixed length control field 251202b |||||||| |||| 00| 0 eng d
020 ## - INTERNATIONAL STANDARD BOOK NUMBER
International Standard Book Number 0-07-28311-4
040 ## - CATALOGING SOURCE
Original cataloging agency DWC-main Lib
Transcribing agency OC
082 ## - DEWEY DECIMAL CLASSIFICATION NUMBER
Edition number 4th edition
Classification number Circ. 174.962 M382 2005
100 ## - MAIN ENTRY--PERSONAL NAME
Personal name Schinzinger, R.
245 ## - TITLE STATEMENT
Title Ethics in engineering, 4th ed.
Statement of responsibility, etc. Schinzinger, Roland
250 ## - EDITION STATEMENT
Edition statement 4th edition
260 ## - PUBLICATION, DISTRIBUTION, ETC.
Place of publication, distribution, etc. Boston :
Name of publisher, distributor, etc. McGraw-Hill,
Date of publication, distribution, etc. c2005
300 ## - PHYSICAL DESCRIPTION
Extent xi, 339 pages :
Other physical details illustration ;
Dimensions 23 cm.
504 ## - BIBLIOGRAPHY, ETC. NOTE
Bibliography, etc. note Includes index
650 ## - SUBJECT ADDED ENTRY--TOPICAL TERM
Source of heading or term Engineering ethics
700 ## - ADDED ENTRY--PERSONAL NAME
Personal name Martin, Mike W.
942 ## - ADDED ENTRY ELEMENTS (KOHA)
Source of classification or shelving scheme Dewey Decimal Classification
Koha item type Book Circulation
Edition 4th edition
Classification part Circ. 174.962 M382 2005
Call number prefix Circ.
Suppress in OPAC No
952 ## - LOCATION AND ITEM INFORMATION (KOHA)
--
Holdings
Withdrawn status Lost status Source of classification or shelving scheme Damaged status Not for loan Home library Current library Shelving location Date acquired Source of acquisition Total Checkouts Full call number Barcode Date last seen Copy number Price effective from Koha item type Uniform Resource Identifier
    Dewey Decimal Classification     College Library College Library Circulation 08/25/2005 School Fund   Circ. 174.962 M382 2005 CL42307 12/02/2025 c1 12/02/2025 BK-CIRC